| 000 | 006470000a22001810004500 | ||
|---|---|---|---|
| 003 | MACL | ||
| 005 | 20160531112428.0 | ||
| 008 | 160531b xxu||||| |||| 00| 0 eng d | ||
| 040 |
_aMACL _cMACL |
||
| 041 | _aHindi | ||
| 082 | _a900 SIN | ||
| 100 |
_aसिंह, रामपाल _960935 |
||
| 245 |
_aअन्तिम हिन्दू सम्राट पृथ्वीराज चौहान _cरामपाल सिंह |
||
| 260 |
_aनई दिल्ली _bस्वास्तिक प्रकाशन _c2010 |
||
| 350 | _a250 | ||
| 650 |
_aइतिहास _960936 |
||
| 942 |
_cHIN _k900 /SIN _2ddc |
||
| 999 |
_c46646 _d46646 |
||